000 00307nam a22001337a 4500
008 171030b xxu||||| |||| 00| 0 eng d
020 _a9780072848847
041 _aeng
080 _24 ED
_a336
100 _a57
101 _aFIN
245 _aESSENTIALS CORPORATEB FINANCE
_cROSS.W.J
942 _2udc
_cBK
999 _c36425
_d36425